000 00859nam a22002657a 4500
999 _c4141
_d4141
003 AR-CdUCM
008 190308b ||||| |||| 00| 0 spa d
040 _aMUNICIPALIDAD PROVINCIAL DEL CUSCO
_cBIBLIOTECA MUNICIPAL DEL CUSCO
041 _heng.
082 _a828 92 /
_bH98
100 _aHuxley, Aldous
_91405
245 _aCiencia,libertad y paz :
_bLa doble crisis /
260 _aBuenos Aires :
_bEdit.Sudamericana,
_c1963.
300 _a127 paginas ;
_c16 cm.
440 _aColección Piragua
_913120
505 _aContenido :Ciencia libertad y paz --La doble crisis ...
650 _aTiencia
_913121
650 _aTecnica
_913122
650 _aInstrumentos de coacción
_913123
650 _aPaz mundial
_913124
700 _aAdam F. Sosa (traductor)
_913125
700 _aC.A.Jordana(traductor)
_913126
942 _2ddc
_cLIBROS
945 _arjall